000 00699nam a22002417a 4500
003 UA-OsUOA
001 93264
007 ta
008 20130116b un ||||| |||| 00| 0 ukr d
100 _aВоробьев Е.
090 _a821.161.1
_bВ 75
942 _cBK
040 _aUA-OsUOA
_brus
_cUA-OsUOA
_dUA-OsUOA
245 _aМосква: Близко к сердцу
300 _a336 с.
955 _a4
041 _arus
080 _a821.161.1
260 _aМ.
_bПолитиздат
_c1989
246 3 1 _aСтраницы героической защиты города, 1941-1942
_n
650 7 _a82 Література. Літературознавство
_2UDC
999 _c379507
_d379507